World Cities by Pictures - Statistics

General Stats
  • This quiz has been taken 46 times
  • The average score is 3 of 12
Answer Stats
Picture Answer % Correct
Paris
81%
Los Angeles
62%
Guangzhou
32%
Thimphu
27%
São Paulo
24%
Ankara
19%
Brisbane
11%
Guatemala City
11%
Manila
11%
Kazan
5%
Manchester
5%
Guadalajara
3%
No matching quizzes found
Score Distribution
Percent of People with Each Score
Percentile by Number Answered
Your Score History
You have not taken this quiz